Philosophy of modern music = Filosofía de la música moderna /
Guardado en:
| Hovedforfatter: | |
|---|---|
| Format: | Ukendt |
| Sprog: | English |
| Udgivet: |
New York :
Continuum,
2004.
|
| Fag: | |
| Tags: |
Tilføj Tag
Ingen Tags, Vær først til at tagge denne postø!
|
MARC
| LEADER | 000000000a22000000004500 | ||
|---|---|---|---|
| 001 | 011334 | ||
| 020 | |a 081649133X | ||
| 041 | 0 | |a eng | |
| 082 | 0 | 4 | |a 780.904 |b A241p |
| 100 | 1 | |a Adorno, Theodor Wiesengrund, |d 1903-1969 | |
| 245 | 1 | 0 | |a Philosophy of modern music = |b Filosofía de la música moderna / |c Theodor Wiesengrund Adorno. |
| 246 | 3 | 1 | |a Filosofía de la música moderna |
| 260 | 1 | |a New York : |b Continuum, |c 2004. | |
| 300 | |a xiv, 220 páginas | ||
| 500 | |a Colección George Yúdice | ||
| 650 | 4 | |a MUSICA | |
| 650 | 4 | |a HISTORIA Y CRITICA | |
| 650 | 4 | |a ESTETICA Y FILOSOFIA | |
| 650 | 4 | |a SIGLO XX | |
| 650 | 4 | |a SCHONBERG, ARNOLD, 1874-1951 | |
| 999 | |c 16631 |d 16631 | ||
| 942 | |c BK |h 780.904 A241p |2 z | ||



